[Event "Toronto Thanksgiving op"]
[Site "Toronto"]
[Date "2002.10.12"]
[Round "1"]
[White "Nickoloff, Bryon"]
[Black "Harkes, Lewis"]
[Result "1-0"]
[WhiteElo "2472"]
[BlackElo "2085"]
[PlyCount "48"]
[EventDate "2002.10.12"]
[EventType "swiss"]
[EventRounds "6"]
[EventCountry "CAN"]
[SourceTitle "EXT 2003"]
[Source "ChessBase"]
[SourceDate "2002.11.25"]
[SourceVersion "1"]
[SourceVersionDate "2002.11.25"]
[SourceQuality "1"]

1. d4 Nf6 2. c4 e6 3. Nc3 c5 4. d5 exd5 5. cxd5 d6 6. e4 g6 7. Nf3 a6 8. a4 Bg4 9. Qb3 Bxf3 10. Qxb7 Bxg2 11. Bxg2 Nbd7 12. 0-0 Nh5 13. Bh3 f5 14. exf5 Rb8 15. Qxa6 Qh4 16. Qe2+ Be7 17. Qg4 Rb4 18. Qxh4 Rxh4 19. Bg2 gxf5 20. Ne2 Rg8 21. Ng3 Ne5 22. Ra3 Ng7 23. f4 Nc4 24. Rb3 Na5 1-0

[Event "Toronto Summer op"]
[Site "Toronto"]
[Date "2000.08.19"]
[Round "7"]
[White "Nickoloff, Bryon"]
[Black "Zugic, Igor"]
[Result "1/2-1/2"]
[WhiteElo "2421"]
[BlackElo "2399"]
[PlyCount "54"]
[EventDate "2000.08.16"]
[EventType "swiss"]
[EventRounds "9"]
[EventCountry "CAN"]
[SourceTitle "EXT 2001"]
[Source "ChessBase"]
[SourceDate "2000.11.22"]
[SourceVersion "1"]
[SourceVersionDate "2000.11.22"]
[SourceQuality "1"]

1. c4 e5 2. Nc3 Nf6 3. Nf3 Nc6 4. e3 Bb4 5. Qc2 0-0 6. Nd5 Bd6 7. Ng5 g6 8. Nxf6+ Qxf6 9. Ne4 Qg7 10. Nxd6 cxd6 11. b3 f5 12. Bb2 b6 13. d4 exd4 14. 0-0-0 Bb7 15. exd4 Qh6+ 16. Qd2 Qxd2+ 17. Kxd2 d5 18. c5 Nd8 19. Re1 Bc6 20. cxb6 axb6 21. a4 Ne6 22. Be2 Rfb8 23. Ra1 b5 24. axb5 Rxa1 25. Rxa1 Bxb5 26. Bxb5 Rxb5 27. Kc3 Rb7 1/2-1/2

[Event "CAN-ch"]
[Site "Brantford"]
[Date "1999.09.08"]
[Round "8"]
[White "Lesiege, Alexandre"]
[Black "Nickoloff, Bryon"]
[Result "1/2-1/2"]
[WhiteElo "2553"]
[BlackElo "2421"]
[PlyCount "53"]
[EventDate "1999.08.31"]
[EventType "swiss"]
[EventRounds "9"]
[EventCountry "CAN"]
[SourceTitle "EXT 2000"]
[Source "ChessBase"]
[SourceDate "1999.11.16"]
[SourceVersion "1"]
[SourceVersionDate "1999.11.16"]
[SourceQuality "1"]

1. Nf3 d5 2. d4 Nf6 3. c4 e6 4. Nc3 c5 5. cxd5 Nxd5 6. e4 Nxc3 7. bxc3 cxd4 8. cxd4 Bb4+ 9. Bd2 Bxd2+ 10. Qxd2 0-0 11. Bc4 Nc6 12. 0-0 b6 13. Rad1 Bb7 14. Rfe1 Na5 15. Bd3 h6 16. Qf4 Qe7 17. d5 Rad8 18. h4 Qd6 19. e5 Qxd5 20. Bh7+ Kxh7 21. Rxd5 Bxd5 22. Rc1 Bxa2 23. Rc7 Kg8 24. Rxa7 Bd5 25. Nh2 Nc6 26. Ra1 Ne7 27. h5 1/2-1/2

[Event "Olympiad-33"]
[Site "Elista"]
[Date "1998.10.05"]
[Round "7.3"]
[White "Nickoloff, Bryon"]
[Black "Zelcic, Robert"]
[Result "1/2-1/2"]
[WhiteElo "2410"]
[BlackElo "2585"]
[PlyCount "66"]
[EventDate "1998.09.29"]
[EventType "team-swiss"]
[EventRounds "13"]
[EventCountry "RUS"]
[SourceTitle "CBM 068"]
[Source "ChessBase"]
[SourceDate "1999.02.01"]
[SourceVersion "1"]
[SourceVersionDate "1999.02.01"]
[SourceQuality "1"]
[WhiteTeam "Canada"]
[BlackTeam "Croatia"]
[WhiteTeamCountry "CAN"]
[BlackTeamCountry "CRO"]

1. d4 Nf6 2. c4 e6 3. Nc3 Bb4 4. e3 c5 5. Nge2 cxd4 6. exd4 0-0 7. a3 Be7 8. d5 exd5 9. cxd5 Bc5 10. b4 Bb6 11. Na4 Re8 12. Nxb6 axb6 13. d6 Nc6 14. g3 Ne4 15. Bb2 Ne5 16. Bg2 Nc4 17. Qd4 Nxb2 18. Qxb2 Nxd6 19. 0-0 Nc4 20. Qd4 Rxe2 21. Qxc4 Re7 22. Rfd1 d6 23. Rd4 g6 24. Qd3 Bf5 25. Qd2 Rd7 26. Rd1 Rxa3 27. Bxb7 Rxb7 28. Rxd6 Qc7 29. Rd8+ Kg7 30. Qd4+ f6 31. g4 Rh3 32. Rd6 Be6 33. Re1 Qc3 1/2-1/2

[Event "Canadian op"]
[Site "Winnipeg"]
[Date "1997.07.20"]
[Round "10"]
[White "Nickoloff, Bryon"]
[Black "Hergott, Deen"]
[Result "1/2-1/2"]
[WhiteElo "2400"]
[BlackElo "2395"]
[PlyCount "132"]
[EventDate "1997.07.12"]
[EventType "tourn"]
[EventRounds "10"]
[EventCountry "CAN"]
[SourceTitle "CBM 060 Extra"]
[Source "ChessBase"]
[SourceDate "1997.11.04"]
[SourceVersion "1"]
[SourceVersionDate "1997.11.04"]
[SourceQuality "1"]

1. d4 g6 2. e4 Bg7 3. c4 d6 4. Nc3 e5 5. Nf3 exd4 6. Nxd4 Ne7 7. Be2 Nbc6 8. Be3 0-0 9. Qd2 f5 10. exf5 Bxd4 11. Bxd4 Nxf5 12. Be3 Nxe3 13. Qxe3 Bf5 14. 0-0 Qf6 15. Rad1 Rae8 16. Qd2 Be6 17. b3 b6 18. f4 a6 19. Bf3 Nd8 20. g3 Kh8 21. Rfe1 Qg7 22. Nd5 Bg8 23. Kg2 b5 24. cxb5 axb5 25. Nb4 c5 26. Nc6 c4 27. Nd4 cxb3 28. axb3 Ne6 29. Nxb5 Rb8 30. Nd4 Nxd4 31. Qxd4 Qxd4 32. Rxd4 Rxb3 33. Rxd6 g5 34. Rd4 gxf4 35. gxf4 Kg7 36. Re5 Bf7 37. Rd7 Kf6 38. Rd6+ Kg7 39. Rg5+ Bg6 40. Rd7+ Kh8 41. Rd4 Bf5 42. Bg4 Bxg4 43. Rxg4 Rg8 44. Rg3 Rb2+ 45. Kh3 Rf2 46. Rxg8+ Kxg8 47. Kg3 Ra2 48. Rd7 Ra5 49. h3 Rb5 50. Re7 Ra5 51. Kg4 h6 52. f5 Rb5 53. h4 Ra5 54. f6 Rb5 55. Kf4 Ra5 56. Re5 Ra4+ 57. Kf5 Rxh4 58. Ke6 Ra4 59. Rb5 Ra6+ 60. Kf5 Ra1 61. Rb8+ Kf7 62. Rb7+ Kf8 63. Kg6 Rg1+ 64. Kxh6 Rh1+ 65. Kg6 Rg1+ 66. Kh6 Rh1+ 1/2-1/2

[Event "Canadian op"]
[Site "Winnipeg"]
[Date "1997.07.19"]
[Round "9"]
[White "Castaneda, Nelson"]
[Black "Nickoloff, Bryon"]
[Result "1/2-1/2"]
[WhiteElo "2310"]
[BlackElo "2400"]
[PlyCount "121"]
[EventDate "1997.07.12"]
[EventType "tourn"]
[EventRounds "10"]
[EventCountry "CAN"]
[SourceTitle "CBM 060 Extra"]
[Source "ChessBase"]
[SourceDate "1997.11.04"]
[SourceVersion "1"]
[SourceVersionDate "1997.11.04"]
[SourceQuality "1"]

1. e4 c5 2. Nf3 d6 3. d4 cxd4 4. Nxd4 Nf6 5. Nc3 a6 6. Bg5 e6 7. f4 Qc7 8. Be2 Be7 9. Nf3 Nbd7 10. Qd4 h6 11. Bh4 e5 12. fxe5 dxe5 13. Qc4 Bc5 14. a4 b5 15. Qd3 b4 16. Nd5 Nxd5 17. exd5 0-0 18. 0-0-0 Bd6 19. Qc4 Nc5 20. Bf2 Bf5 21. g4 Bh7 22. Bxc5 Bxc5 23. Kb1 b3 24. Bd3 bxc2+ 25. Qxc2 Bxd3 26. Rxd3 e4 27. Rc3 exf3 28. Rxc5 Qf4 29. Rc4 Qe5 30. Qf5 Qxf5+ 31. gxf5 Rad8 32. Rf1 Rxd5 33. Rxf3 Re8 34. Rf2 Ree5 35. Rc8+ Kh7 36. f6 Re6 37. fxg7 Kxg7 38. Rc7 Rf6 39. Rxf6 Kxf6 40. Rc6+ Kg5 41. Rxa6 f5 42. h4+ Kxh4 43. Rxh6+ Kg5 44. Rh1 Rd4 45. b3 Rd2 46. Kc1 Rg2 47. Rh8 Ra2 48. Rd8 f4 49. Rd2 Ra1+ 50. Kb2 Re1 51. a5 f3 52. Kc3 Rc1+ 53. Kd4 Rb1 54. Kc4 Rc1+ 55. Kb5 Kf4 56. b4 Ke3 57. Ra2 f2 58. Rxf2 Kxf2 59. a6 Ke3 60. Kb6 Kd4 61. a7 1/2-1/2

[Event "Toronto"]
[Site "Toronto"]
[Date "1997.??.??"]
[Round "6"]
[White "Day, Lawrence A"]
[Black "Nickoloff, Bryon"]
[Result "0-1"]
[WhiteElo "2415"]
[BlackElo "2415"]
[PlyCount "67"]
[EventDate "1997.??.??"]
[EventType "tourn"]
[EventRounds "11"]
[EventCountry "CAN"]
[EventCategory "1"]
[SourceTitle "EXT 1998"]
[Source "ChessBase"]
[SourceDate "1997.11.17"]
[SourceVersion "1"]
[SourceVersionDate "1997.11.17"]
[SourceQuality "1"]

1. e4 e5 2. Nf3 Nc6 3. d4 exd4 4. Nxd4 Nf6 5. Nxc6 bxc6 6. e5 Qe7 7. Qe2 Nd5 8. c4 Ba6 9. g3 0-0-0 10. b3 f6 11. f4 fxe5 12. fxe5 Re8 13. Bb2 Qg5 14. Nd2 Bb4 15. Rc1 Rxe5 16. Bxe5 Re8 17. h4 Bxd2+ 18. Kd1 Ne3+ 19. Kxd2 Nxf1+ 20. Kc2 Ne3+ 21. Kb1 Qxe5 22. Qf3 d5 23. Rhe1 d4 24. Rcd1 Bb7 25. Rd2 c5 26. Qf7 Be4+ 27. Kb2 Bg6 28. Qf3 Nxc4+ 29. bxc4 Qxe1 30. Qa8+ Kd7 31. Qd5+ Ke7 32. Qxc5+ Kf7 33. Rxd4 Rb8+ 34. Ka3 0-1

[Event "Toronto op"]
[Site "Toronto"]
[Date "1997.??.??"]
[Round "7"]
[White "Djerkovic, Miladin"]
[Black "Nickoloff, Bryon"]
[Result "1/2-1/2"]
[WhiteElo "2385"]
[BlackElo "2475"]
[PlyCount "98"]
[EventDate "1997.??.??"]
[EventType "swiss"]
[EventRounds "7"]
[EventCountry "CAN"]
[SourceTitle "EXT 2001"]
[Source "ChessBase"]
[SourceDate "2000.11.22"]
[SourceVersion "1"]
[SourceVersionDate "2000.11.22"]
[SourceQuality "1"]

1. e4 c5 2. Nf3 d6 3. d4 cxd4 4. Nxd4 Nf6 5. Nc3 a6 6. Be2 e6 7. Be3 Qc7 8. f4 b5 9. a3 Bb7 10. Bf3 Nbd7 11. Qe2 Rc8 12. Nb3 Nb6 13. Na5 Ba8 14. 0-0 d5 15. Bf2 dxe4 16. Nxe4 Bxe4 17. Bxe4 Nxe4 18. Qxe4 Nd5 19. Qe1 Qxc2 20. Rc1 Qxc1 21. Qxc1 Rxc1 22. Rxc1 Kd7 23. Rc6 Bd6 24. Rxa6 Bxf4 25. Ra7+ Bc7 26. Nb3 e5 27. Nc5+ Kc6 28. Nd3 Rb8 29. Ra6+ Nb6 30. Kf1 f6 31. b3 Ra8 32. Nb4+ Kd7 33. Rxa8 Nxa8 34. Nd5 Bd6 35. a4 bxa4 36. bxa4 Kc6 37. Nc3 Bb4 38. Na2 Ba5 39. Be1 Bc7 40. Ke2 Nb6 41. Nc3 Bd6 42. a5 Nc4 43. Ne4 Bc7 44. a6 Bb6 45. Bb4 Kd5 46. Nc3+ Kc6 47. Ne4 Ne3 48. Bc5 Nxg2 49. a7 Bxa7 1/2-1/2

[Event "Toronto"]
[Site "Toronto"]
[Date "1997.??.??"]
[Round "5"]
[White "Nickoloff, Bryon"]
[Black "Livshits, Ron"]
[Result "1/2-1/2"]
[WhiteElo "2415"]
[BlackElo "2370"]
[PlyCount "41"]
[EventDate "1997.??.??"]
[EventType "tourn"]
[EventRounds "11"]
[EventCountry "CAN"]
[EventCategory "1"]
[SourceTitle "EXT 1998"]
[Source "ChessBase"]
[SourceDate "1997.11.17"]
[SourceVersion "1"]
[SourceVersionDate "1997.11.17"]
[SourceQuality "1"]

1. c4 e5 2. Nc3 Nf6 3. Nf3 Nc6 4. e4 d6 5. Be2 Bg4 6. d3 g6 7. 0-0 Bg7 8. Ng5 Bxe2 9. Nxe2 h6 10. Nh3 g5 11. Kh1 Nh5 12. Ng3 Nf4 13. Nf5 Qf6 14. Nxf4 exf4 15. g3 Ne7 16. Nxe7 Qxe7 17. gxf4 gxf4 18. Bxf4 Bxb2 19. Rb1 Bd4 20. Rxb7 Bb6 21. e5 1/2-1/2

[Event "Ontario"]
[Site "Ontario"]
[Date "1997.??.??"]
[Round "2"]
[White "Nickoloff, Bryon"]
[Black "Ochkoos, Jura"]
[Result "1-0"]
[WhiteElo "2400"]
[BlackElo "2255"]
[PlyCount "55"]
[EventDate "1997.??.??"]
[EventType "tourn"]
[EventRounds "9"]
[EventCountry "CAN"]
[SourceTitle "EXT 1999"]
[Source "ChessBase"]
[SourceDate "1998.11.16"]
[SourceVersion "1"]
[SourceVersionDate "1998.11.16"]
[SourceQuality "1"]

1. d4 d5 2. c4 e6 3. Nc3 Nf6 4. cxd5 exd5 5. Bg5 c6 6. e3 Be7 7. Qc2 0-0 8. Bd3 Nbd7 9. Nf3 Re8 10. 0-0 Nf8 11. h3 Ne4 12. Bf4 f5 13. Ne5 Bf6 14. b4 Be6 15. Na4 Qe7 16. Nc5 Rec8 17. Rab1 g6 18. a4 Kg7 19. Rb2 h5 20. f3 Nd6 21. g4 Bg5 22. Qh2 Bxf4 23. Qxf4 b6 24. Nxe6+ Nxe6 25. Qg3 h4 26. Nxg6 Kxg6 27. gxf5+ Kh7 28. f6+ 1-0

[Event "Toronto op"]
[Site "Toronto"]
[Date "1997.??.??"]
[Round "2"]
[White "Nickoloff, Bryon"]
[Black "Saleh, Maher"]
[Result "1/2-1/2"]
[WhiteElo "2475"]
[BlackElo "2365"]
[PlyCount "29"]
[EventDate "1997.??.??"]
[EventType "swiss"]
[EventRounds "7"]
[EventCountry "CAN"]
[SourceTitle "EXT 2001"]
[Source "ChessBase"]
[SourceDate "2000.11.22"]
[SourceVersion "1"]
[SourceVersionDate "2000.11.22"]
[SourceQuality "1"]

1. d4 Nf6 2. c4 g6 3. Nc3 d5 4. Bf4 Bg7 5. Rc1 0-0 6. e3 c5 7. dxc5 Be6 8. Nge2 Nc6 9. cxd5 Nxd5 10. Nxd5 Qxd5 11. Qxd5 Bxd5 12. Nc3 Bxc3+ 13. Rxc3 Bxa2 14. b3 Bb1 15. Bc4 1/2-1/2

[Event "Toronto"]
[Site "Toronto"]
[Date "1997.??.??"]
[Round "11"]
[White "Ochkoos, Jura"]
[Black "Nickoloff, Bryon"]
[Result "0-1"]
[WhiteElo "2280"]
[BlackElo "2415"]
[PlyCount "46"]
[EventDate "1997.??.??"]
[EventType "tourn"]
[EventRounds "11"]
[EventCountry "CAN"]
[EventCategory "1"]
[SourceTitle "EXT 1998"]
[Source "ChessBase"]
[SourceDate "1997.11.17"]
[SourceVersion "1"]
[SourceVersionDate "1997.11.17"]
[SourceQuality "1"]

1. e4 c5 2. Nf3 d6 3. d4 cxd4 4. Qxd4 Nc6 5. Bb5 Bd7 6. Bxc6 Bxc6 7. Nc3 Nf6 8. Bg5 e6 9. 0-0-0 Be7 10. h4 Qa5 11. h5 h6 12. Bh4 Rc8 13. Nd2 b5 14. Nb3 Qc7 15. f3 0-0 16. g4 b4 17. Qxb4 d5 18. Qa5 Qf4+ 19. Kb1 dxe4 20. fxe4 Bxe4 21. Nxe4 Qxe4 22. Qxa7 Qxc2+ 23. Ka1 Ra8 0-1

[Event "Toronto"]
[Site "Toronto"]
[Date "1997.??.??"]
[Round "2"]
[White "Williams, Paul"]
[Black "Nickoloff, Bryon"]
[Result "1-0"]
[WhiteElo "2235"]
[BlackElo "2415"]
[PlyCount "83"]
[EventDate "1997.??.??"]
[EventType "tourn"]
[EventRounds "11"]
[EventCountry "CAN"]
[EventCategory "1"]
[SourceTitle "EXT 1998"]
[Source "ChessBase"]
[SourceDate "1997.11.17"]
[SourceVersion "1"]
[SourceVersionDate "1997.11.17"]
[SourceQuality "1"]

1. d4 Nf6 2. c4 e6 3. Nc3 Bb4 4. e3 0-0 5. Bd3 c5 6. Nf3 d5 7. 0-0 b6 8. cxd5 exd5 9. dxc5 bxc5 10. Ne2 Ne4 11. b3 Qe7 12. Bb2 Nd7 13. a3 Ba5 14. Ng3 Ndf6 15. b4 cxb4 16. axb4 Bxb4 17. Nd4 Nxg3 18. hxg3 Bc5 19. Nf5 Bxf5 20. Bxf5 Rfd8 21. Ra6 Bb6 22. Qa1 Ne8 23. Bd4 Nc7 24. Bxg7 Nxa6 25. Bf6 Qd6 26. Be5 Qe7 27. Bf6 Qd6 28. Be5 Qh6 29. Bf4 Qg7 30. Qxa6 d4 31. exd4 Qxd4 32. Qb5 Rd5 33. Qb1 Rxf5 34. Qxf5 Re8 35. Qg5+ Qg7 36. Qb5 Rd8 37. Bg5 Rc8 38. Qd7 Qc3 39. Bf6 Qc4 40. Qf5 Rc5 41. Re1 Qa4 42. Qg4+ 1-0

[Event "Toronto"]
[Site "Toronto"]
[Date "1996.??.??"]
[Round "4"]
[White "Day, Lawrence A"]
[Black "Nickoloff, Bryon"]
[Result "1-0"]
[WhiteElo "2400"]
[BlackElo "2410"]
[PlyCount "111"]
[EventDate "1996.02.09"]
[EventType "tourn"]
[EventRounds "11"]
[EventCountry "CAN"]
[SourceTitle "EXT 1998"]
[Source "ChessBase"]
[SourceDate "1997.11.17"]
[SourceVersion "1"]
[SourceVersionDate "1997.11.17"]
[SourceQuality "1"]

1. d4 d5 2. Nf3 Nf6 3. g3 c6 4. Bg2 Bf5 5. 0-0 Nbd7 6. b3 e6 7. Bb2 Bd6 8. Nbd2 0-0 9. c4 Qe7 10. a3 Rac8 11. Re1 Rfd8 12. Nh4 Bg4 13. Qb1 Qf8 14. e4 dxe4 15. Nxe4 Nxe4 16. Qxe4 Nf6 17. Qc2 Rd7 18. h3 Bh5 19. g4 Bg6 20. Qe2 Rcd8 21. Bf3 Be7 22. Nxg6 hxg6 23. b4 Ne8 24. Red1 Bf6 25. Qe3 g5 26. Rd2 a6 27. Rad1 Nc7 28. Bc3 Qd6 29. h4 Qe7 30. h5 Rd6 31. Qe4 R8d7 32. c5 Rd5 33. Qe3 Qd8 34. a4 e5 35. dxe5 Rxd2 36. Rxd2 Rxd2 37. Bxd2 Be7 38. a5 Ne6 39. Be4 Kf8 40. Qd3 Qc7 41. Bc3 Nf4 42. Qd1 Ke8 43. Kf1 Qd7 44. Qxd7+ Kxd7 45. Bf5+ Ne6 46. Ke2 Bd8 47. Ke3 Bc7 48. Bb1 Nf4 49. Ba2 Nd5+ 50. Bxd5 cxd5 51. e6+ Kxe6 52. Bxg7 f6 53. Bf8 Be5 54. Kd3 Bb2 55. b5 Ba3 56. h6 1-0

[Event "Toronto"]
[Site "Toronto"]
[Date "1996.??.??"]
[Round "5"]
[White "Nickoloff, Bryon"]
[Black "Campbell, Brett"]
[Result "1-0"]
[WhiteElo "2410"]
[BlackElo "2220"]
[PlyCount "79"]
[EventDate "1996.02.09"]
[EventType "tourn"]
[EventRounds "11"]
[EventCountry "CAN"]
[SourceTitle "EXT 1998"]
[Source "ChessBase"]
[SourceDate "1997.11.17"]
[SourceVersion "1"]
[SourceVersionDate "1997.11.17"]
[SourceQuality "1"]

1. d4 Nf6 2. c4 d6 3. Nf3 Bf5 4. Nc3 h6 5. g3 c6 6. Bg2 Nbd7 7. 0-0 e5 8. Re1 Be7 9. e4 Bg4 10. h3 Bxf3 11. Bxf3 Qb6 12. d5 Nc5 13. Rb1 a5 14. b3 0-0 15. Be3 Nfd7 16. h4 Qd8 17. a3 Nb6 18. b4 axb4 19. axb4 Nca4 20. Nxa4 Nxa4 21. Ra1 Nb6 22. Rxa8 Nxa8 23. dxc6 bxc6 24. Qa4 Qc7 25. Ra1 Rb8 26. Qxa8 Rxa8 27. Rxa8+ Kh7 28. Ra7 Qd8 29. b5 c5 30. Bg4 Kg6 31. Bd7 Qb6 32. Ra6 Qb8 33. Bxc5 Qc7 34. Bf5+ Kh5 35. Rc6 Qa5 36. Be3 g6 37. Bd7 Qb4 38. Kg2 g5 39. g4+ Kxh4 40. f3 1-0

[Event "Toronto"]
[Site "Toronto"]
[Date "1996.??.??"]
[Round "1"]
[White "Nickoloff, Bryon"]
[Black "Dougherty, Michael J"]
[Result "1-0"]
[WhiteElo "2410"]
[BlackElo "2235"]
[PlyCount "63"]
[EventDate "1996.02.09"]
[EventType "tourn"]
[EventRounds "11"]
[EventCountry "CAN"]
[SourceTitle "EXT 1998"]
[Source "ChessBase"]
[SourceDate "1997.11.17"]
[SourceVersion "1"]
[SourceVersionDate "1997.11.17"]
[SourceQuality "1"]

1. d4 Nf6 2. c4 e6 3. Nf3 c5 4. d5 exd5 5. cxd5 d6 6. Nc3 a6 7. a4 g6 8. Nd2 Nbd7 9. e4 Bg7 10. Be2 0-0 11. 0-0 Qe7 12. Re1 Ne8 13. Nc4 Rb8 14. Bf1 Ne5 15. Ne3 h5 16. h3 Nd7 17. Nc4 Ne5 18. Nd2 Qf6 19. Rb1 h4 20. b4 cxb4 21. Rxb4 g5 22. Bb2 Qd8 23. Nc4 f5 24. Nxe5 Bxe5 25. exf5 Bxf5 26. Ne4 Bxb2 27. Rxb2 Ng7 28. Qd2 Bxe4 29. Rxe4 Qf6 30. Rg4 Rfc8 31. Rxg5 Rc7 32. Rb3 1-0